000 00346nam a2200157Ia 4500
008 230524s9999 xx 000 0 und d
020 _a8170292565
082 _bKAN
100 _aY.Kanitkar
245 0 _aC Projects
260 _aNEW DELHI
_bBPB
_c1999
300 _aXI;596
500 _aQuantity Number: 5
650 _aComp-Sc
942 _cBK
999 _c4827
_d4827